000 02378nam a2200325 i 4500
001 190768
003 ES-MaACL
005 20250804161026.0
008 220704s2022 sp 001 f spa
020 _a978-84-19231-15-4
040 _cES-MaACL
080 _a821.134.2-31"19"
100 1 _aFortún, Elena,
_d1886-1952
_9166428
_eaut
245 1 3 _aEl pensionado de Santa Casilda /
_cElena Fortún, Matilde Ras ; edición de María Jesús Fraga ; introducción de Nuria Capdevila-Argüelles.
260 _aValencina de la Concepción (Sevilla) :
_bRenacimiento,
_c[2022].
300 _a476 p. ;
_c21 cm.
490 1 _aBiblioteca Elena Fortún
520 _aEste misterioso volumen ha permanecido inédito desde los años de exilio de Elena Fortún, época en la que debió rematarlo, hasta nuestros días. Su prosa está claramente influida por la misma conciencia sáfica que se aprecia en la novela autobiográfica Oculto sendero y por el mundo femenino del que formó parte tanto en Madrid como en Buenos Aires, reflejado en la galería de mujeres que pueblan estas páginas. Son un grupo de jovencitas vestidas con bonaerenses uniformes de piqué blanco, empeñadas en escribir colectivamente un libro, pensionistas en un colegio de peculiares monjas francesas. Transitan de la adolescencia a la vida adulta en un Madrid belle époque en el que surgen y con frecuencia se castigan nuevas formas de entender género, sexo y sexualidad. Esta novela de internado se convierte en novela madrileña que también traslada su argumento a Francia para mostrarnos un curioso baile de máscaras. Y es que este manuscrito inacabado es una fascinante máscara en la que se adivinan tanto los rasgos y las influencias de amigas como Victorina Durán como los trazos de la pluma de Matilde Ras.
655 0 _aNovelas
_9234319
700 1 _aRas, Matilde,
_d1881-1969
_995477
_eaut
700 0 _aFraga, María Jesús
_952067
_epbl
700 1 _aCapdevila-Argüelles, Nuria,
_d1972-
_9174769
_eaui
830 1 _aBiblioteca Elena Fortún
_9193511
852 4 _aES-MaACL
_jA-14987
_9197950
_bR.153392
_cDEPO1
_dOlim: N-7987
_hDonación: Pilar Fernandez Vera
903 _aFernández Vera, Pilar,
_d1961-
_ednr
_949420
942 _cMONOGRAFIA
999 _c190768
_d190768